zpět

Detail výsledku týmu

ZÓNA 59, Brno

Datum a čas kvízu

33 Celkem bodů Celkový počet nahraných bodů na tomto kvízu bez doplňovacích otázek.
6. Pořadí na kvízu Konečné umístění týmu na tomto kvízu.

Zaznamenané odpovědi

# Otázka Odpověď Body Výsledky
1. Jedna státní instituce prostře... Státní ústav pro kontrolu léčiv 0
2. Po Jennifer Anistonové uvítal... David Attenborough 1
3. V úterý byl v Brně zahájen tře... Serial Killer 1
4. Velká potravinářská společnost... PepsiCo 1
5. Jak se jmenuje dánský fotbalov... FC Midtjylland (čteme mitjulend) 0
6. Podle zdroje vody se rybníky d... říční rybník 0
7. Na obrázku vidíme dravou rybu,... candát 1
8. Největší český rybník mimo již... Máchovo jezero, též (Velký) Dokeský rybník 0
9. Většina rybníků disponuje jist... česle / česlice 0
10. Dle návrhu Štěpánka Netolickéh... Zlatá stoka 0